000 00293nam a2200121 i 4500
001 bg
245 0 _aWykorzystanie odpadów przemysłowych w technologii szkła...
260 _aWrocław,
_c1986.
040 _cBPK
041 _apol
942 _cKS
008 s pl f |000 0 pol
999 _c23516
_d23516
856 _uhttp://koha.tu.koszalin.pl/cgi-bin/koha/opac-detail.pl?biblionumber=23516
_yKatalog online BPK